<?xml version="1.0" encoding="UTF-8"?><?xml-stylesheet type="text/xsl" href="static/style.xsl"?><OAI-PMH xmlns="http://www.openarchives.org/OAI/2.0/" xmlns:xsi="http://www.w3.org/2001/XMLSchema-instance" xsi:schemaLocation="http://www.openarchives.org/OAI/2.0/ http://www.openarchives.org/OAI/2.0/OAI-PMH.xsd"><responseDate>2026-04-17T19:44:34Z</responseDate><request verb="GetRecord" identifier="oai:www.recercat.cat:2072/64090" metadataPrefix="marc">https://recercat.cat/oai/request</request><GetRecord><record><header><identifier>oai:recercat.cat:2072/64090</identifier><datestamp>2024-12-13T09:20:41Z</datestamp><setSpec>com_2072_63425</setSpec><setSpec>com_2072_63424</setSpec><setSpec>com_2072_63412</setSpec><setSpec>com_2072_2015</setSpec><setSpec>col_2072_63426</setSpec></header><metadata><record xmlns="http://www.loc.gov/MARC21/slim" xmlns:dcterms="http://purl.org/dc/terms/" xmlns:xsi="http://www.w3.org/2001/XMLSchema-instance" xmlns:doc="http://www.lyncode.com/xoai" xsi:schemaLocation="http://www.loc.gov/MARC21/slim http://www.loc.gov/standards/marcxml/schema/MARC21slim.xsd">
   <leader>00925njm 22002777a 4500</leader>
   <datafield ind2=" " ind1=" " tag="042">
      <subfield code="a">dc</subfield>
   </datafield>
   <datafield ind2=" " ind1=" " tag="720">
      <subfield code="a">Grau Bolufer, Lidia</subfield>
      <subfield code="e">author</subfield>
   </datafield>
   <datafield ind2=" " ind1=" " tag="260">
      <subfield code="c">2010-06-10T11:21:23Z</subfield>
   </datafield>
   <datafield ind2=" " ind1=" " tag="520">
      <subfield code="a">Aquest projecte permetrà aprofundir en el coneixement de l'estructura de funcionament del PL/SQL d'Oracle (crides a procediments i, especialment, tractament d'excepcions), en la utilització de JDBC com a mecanisme de comunicació entre JAVA i Oracle, i en l'ús de les classes de generació d'interfícies gràfiques d'usuari (swing) i, a més, permetrà posar en pràctica funcionalitats d'Oracle que no havia tingut oportunitat d'emprar, com ara tipus genèrics de dades, objectes persistents o transaccions autònomes.</subfield>
   </datafield>
   <datafield ind2=" " ind1=" " tag="520">
      <subfield code="a">Este proyecto permitirá profundizar en el conocimiento de la estructura de funcionamiento del PL/SQL de Oracle (llamadas a procedimientos y, especialmente, tratamiento de excepciones), en la utilización de JDBC como mecanismo de comunicación entre JAVA y Oracle, y en el uso de las clases de generación de interfaces gráficas de usuario (swing) y, además, permitirá poner en práctica funcionalidades de Oracle que no había tenido la oportunidad de utilizar, como, tipos genéricos de datos, objetos persistentes o transacciones autónomas.</subfield>
   </datafield>
   <datafield ind2=" " ind1=" " tag="520">
      <subfield code="a">This project will make it possible to go more deeply into the knowledge of the structure of functioning of the PL/SQL of Oracle (call to procedures, and especially, the treatment of exceptions) in the use of JDBC as a mechanism of communication between JAVA and Oracle, and in the use of the kinds of generation of user graphic interfaces (swing). Furthermore, it will make it possible to put into practice functions of Oracle which there had not been the opportunity to employ, such as generic types of data, persistent objects, and autonomous transactions.</subfield>
   </datafield>
   <datafield ind1="8" ind2=" " tag="024">
      <subfield code="a">http://hdl.handle.net/10609/873</subfield>
   </datafield>
   <datafield tag="653" ind2=" " ind1=" ">
      <subfield code="a">SQL (Programming Language)</subfield>
   </datafield>
   <datafield tag="653" ind2=" " ind1=" ">
      <subfield code="a">Java (Programming Language)</subfield>
   </datafield>
   <datafield tag="653" ind2=" " ind1=" ">
      <subfield code="a">ORACLE (Computer Programs)</subfield>
   </datafield>
   <datafield tag="653" ind2=" " ind1=" ">
      <subfield code="a">User Interfaces (Computer Systems)</subfield>
   </datafield>
   <datafield tag="653" ind2=" " ind1=" ">
      <subfield code="a">World Wide Web (Information Retrieval System)</subfield>
   </datafield>
   <datafield tag="653" ind2=" " ind1=" ">
      <subfield code="a">SQL (Llenguatge de programació)</subfield>
   </datafield>
   <datafield tag="653" ind2=" " ind1=" ">
      <subfield code="a">Java (Llenguatge de programació)</subfield>
   </datafield>
   <datafield tag="653" ind2=" " ind1=" ">
      <subfield code="a">ORACLE (Programes d'ordinador)</subfield>
   </datafield>
   <datafield tag="653" ind2=" " ind1=" ">
      <subfield code="a">Interfícies d'usuari (Sistemes d'ordinador)</subfield>
   </datafield>
   <datafield tag="653" ind2=" " ind1=" ">
      <subfield code="a">World Wide Web (Sistema de recuperació de la informació)</subfield>
   </datafield>
   <datafield tag="653" ind2=" " ind1=" ">
      <subfield code="a">SQL (Lenguaje de programación)</subfield>
   </datafield>
   <datafield tag="653" ind2=" " ind1=" ">
      <subfield code="a">Java (Lenguaje de programación)</subfield>
   </datafield>
   <datafield tag="653" ind2=" " ind1=" ">
      <subfield code="a">ORACLE (Programas de ordenador)</subfield>
   </datafield>
   <datafield tag="653" ind2=" " ind1=" ">
      <subfield code="a">Interfaces de usuario (Sistemas de ordenador)</subfield>
   </datafield>
   <datafield tag="653" ind2=" " ind1=" ">
      <subfield code="a">World Wide Web (Sistema de recuperación de la información)</subfield>
   </datafield>
   <datafield ind2="0" ind1="0" tag="245">
      <subfield code="a">Disseny d'un sistema de log genèric per a la implementació de sistemes operacionals.</subfield>
   </datafield>
</record></metadata></record></GetRecord></OAI-PMH>